00337nam a2200133Ia 4500008004100000041000800041082001800049100001900067245002200086250001500108260003700123300003200160365001100192240624s9999 xx 000 0 und d aeng a658.15224 ROS aROSS STEPHEN A aCORPORATE FINANCE a(10th ed.) c2015aNew DelhibTata McGrawhill axxxiii, : 1119p. : cm. ; 26 cRSb33